LEADER 01126nam0-22003851i-450 001 990001729460403321 005 20221219102330.0 010 $a88-206-2370-6 035 $a000172946 035 $aFED01000172946 035 $a(Aleph)000172946FED01 035 $a000172946 100 $a20030910d1989----km-y0itay50------ba 101 1 $aita 102 $aIT 200 1 $aNeuroanatomia funzionale dei mammiferi$fThomas W. Jenkins$gedizione italiana a cura di Ruggero Bortolami, Emilio Callegari 210 $aBologna$cEdagricole$d1989 215 $aXIV, 378 p.$d27 cm 610 0 $aMammiferi$aAnatomia 676 $a636.089 1 676 $a591.4 700 1$aJenkins,$bThomas W.$074881 702 1$aBortolami,$bRuggero 702 1$aCallegari,$bEmilio 801 0$aIT$bUNINA$gRICA$2UNIMARC 901 $aBK 912 $a990001729460403321 952 $a60 636.089 JENT 1989$b1793$fFAGBC 952 $a636.0891 JEN1$b792$fFMVBC 952 $aIIIc C 183 bis$b10009$fDMVSF 959 $aFAGBC 959 $aFMVBC 959 $aDMVSF 996 $aNeuroanatomia funzionale dei mammiferi$9365300 997 $aUNINA LEADER 03001 am 22005053u 450 001 9910141476703321 005 20230422031847.0 035 $a(CKB)2670000000334418 035 $a(OCoLC)842295062 035 $a(EXLCZ)992670000000334418 100 $a20131001d1974 fh 0 101 0 $adut 135 $aurcn#nnn||||| 181 $ctxt$2rdacontent 182 $cc$2rdamedia 183 $acr$2rdacarrier 200 10$aBevolkingsprognoses /$fVoorlopige Wetenschappelijke Raad voor het Regeringsbeleid. 210 1$a's-Gravenhage, The Netherlands :$cStaatsuitgeverij :$cWRR,$d1974. 215 $a1 online resource (36 unnumbered pages) $cillustrations; digital file(s) 225 0 $aOpen Access e-Books 225 0 $aKnowlegde Unlatched 225 1 $aRapporten aan der regering ;$v5 311 08$aPrint version: 901200702X 327 $aAanbiedingsbrief -- Nota bevolkingspronoses -- 1. Inleiding -- 2. Beperkingen van de nota -- 3. Bevolkingsontwikkeling en beleid -- 4. Factoren, die de bevolkingsontwikkeling bepalen; Huwelijk en geboorte; Buitenlandse migratie; Binnenlandse migratie; Sterfte -- 5. Huidige gang van zaken (inhoudelijk) -- 6. Huidige gang van zaken (organisatorisch) -- 7. Takenstructuur van de bevolkingsprognose; organisatorische varianten -- 8. Beoordeling van de organisatorische varianten -- 9. Concretisering van de voorgestelde organisatorische opzet -- 10. Verhouding tot het Nationaal Programma Demografisch Onderzoek -- 11. Aanbevelingen. 330 $aBevolkingsprognoses vormen een onmisbaar element bij de voorbereiding van een beleid op langere termijn. Aangezien de Raad mede tot taak heeft op het gebied van toekomstonderzoek voorstellen te doen inzake het opheffen van structurele tekortkomingen en het bevorderen van bepaalde onderzoekingen, heeft hij zich beraden over de mogelijkheden tot verbetering van bevolkingsprognose. 330 $aPopulation forecasts are an indispensable element in the preparation of a policy in the longer term. Since the Provisional Scientific Council for Government Policy is also responsible for making proposals in the area of ??future research into the elimination of structural shortcomings and the promotion of certain research, it has considered the possibilities of improving the population prognosis. 410 0$aRapporten aan der regering ;$v5. 606 $aDemography$zNetherlands 606 $aPopulation 606 $aPublic administration$zNetherlands 606 $aPublic administration$zNetherlands$xDecision making 607 $aNetherlands$xPopulation$xForecasting 607 $aNetherlands$xPopulation policy 615 0$aDemography 615 0$aPopulation. 615 0$aPublic administration 615 0$aPublic administration$xDecision making. 676 $a304.609492 702 $aKremers$b Johan 801 2$bUkMaJRU 801 2$bAuAdUSA 906 $aBOOK 912 $a9910141476703321 996 $aBevolkingsprognoses$92196354 997 $aUNINA LEADER 01072nam2 22002651i 450 001 UON00426584 005 20231205104849.676 100 $a20130611d1952 |0itac50 ba 101 $afre 102 $aFR 105 $a|||| 1|||| 200 1 $aˆ2: ‰Notes$fBlaise Pascal 210 $aParis$ceditions du Luxenbourg$d1952 215 $a207 p.$d23 cm. 461 1$1001UON00426582$12001 $aPensées sur la religion et sur quelques autres sujets$fBlaise Pascal$1210 $aParis$ceditions du Luxenbourg$d1952$1215 $a3 v.$d23 cm.$v2 620 $aFR$dParis$3UONL002984 676 $a199.49$cFilosofia occidentale. Europa.$v21 700 1$aPASCAL$bBlaise$3UONV113380$028760 712 $aEditions du Luxembourg$3UONV280550$4650 801 $aIT$bSOL$c20240220$gRICA 899 $aSIBA - SISTEMA BIBLIOTECARIO DI ATENEO$2UONSI 912 $aUON00426584 950 $aSIBA - SISTEMA BIBLIOTECARIO DI ATENEO$dSI Francese III A PAS 06 $eSI SFR2795/2 5 06 $sBuono 996 $aNotes$91184862 997 $aUNIOR